| 000 | 00629cam a22002171 4500 | ||
|---|---|---|---|
| 001 | af 47006015 | ||
| 003 | DLC | ||
| 005 | 20260227110835.0 | ||
| 008 | 960531s1944 be ch 000 0bdut c | ||
| 010 | _aaf 47006015 | ||
| 035 | _a(OCoLC)34833196 | ||
| 040 |
_aNew York. Public Library _cNN _dNN _dOCoLC _dDLC |
||
| 042 | _apremarc | ||
| 050 | 0 | 0 |
_aPT6458.V44 _bZ9 1944 |
| 100 | 1 |
_aVansina, Dirk, _d1894- |
|
| 245 | 1 | 0 | _aCyriel Verschaeve. |
| 250 | _a3., bijgewerkte uitgave. | ||
| 260 |
_aBrugge, _bZeemeeuw, _c1944. |
||
| 300 |
_a140 p., 1 l. incl. front. _bports., facsim. _c21 cm. |
||
| 600 | 1 | 0 |
_aVerschaeve, Cyriel, _d1874-1949. |
| 999 |
_c3384 _d3384 |
||